The Job evaluation hand book (Record no. 210474)

MARC details
000 -LEADER
fixed length control field 00405nam a2200157Ia 4500
008 - FIXED-LENGTH DATA ELEMENTS--GENERAL INFORMATION
fixed length control field 231221s9999 xx 000 0 und d
020 ## - INTERNATIONAL STANDARD BOOK NUMBER
International Standard Book Number 852925816
041 ## - LANGUAGE CODE
Language code of text/sound track or separate title English
082 ## - DEWEY DECIMAL CLASSIFICATION NUMBER
Classification number 658.3 ARM;1 R
100 ## - MAIN ENTRY--PERSONAL NAME
Personal name Armstrong, Michael and Baron, Angele
245 #4 - TITLE STATEMENT
Title The Job evaluation hand book
260 ## - PUBLICATION, DISTRIBUTION, ETC.
Date of publication, distribution, etc. 1995
Name of publisher, distributor, etc. CIPD
Place of publication, distribution, etc. London
300 ## - PHYSICAL DESCRIPTION
Extent xii, 403
650 ## - SUBJECT ADDED ENTRY--TOPICAL TERM
Topical term or geographic name entry element Job,evaluation,hand
942 ## - ADDED ENTRY ELEMENTS (KOHA)
Koha item type Hotel Management Library
Holdings
Date last seen Total checkouts Full call number Accession number Cost, total (INR) price Price effective from Category Lost status Damaged status Department Withdrawn status Home library Current library Shelving location Entry date Vendor Cost, normal purchase price Grants Billnumber Billdate Currency symbol Conversion rate Discount Old discount
26/01/2024   658.3 ARM;1 R HM1426 900.00 26/01/2024 Hotel Management Library     HEM   Central Library Central Library BHM   Southern Book Sellers Southern Bookseller 1200.00 HM 1145:A 09/01/2014 RS 1 300 25

© For any Suggestions or Query, please contact the library staff @ librarian@pes.edu or Phone: +9180 2672 1983/ 2108.